000 00651nam a2200229Ia 4500
003 OSt
005 20260429123323.0
008 220917b |||||||| |||| 00| 0 eng d
037 _cTB
040 _aARTS
_cARTS
_beng
041 _2eng
_aeng
084 _aV55.N1 K5
_qAL
100 _aMitchell, Allen
_9112165
245 0 _aRevolution in Bavaria 1918-1919:
_bThe Eisner Regime and the Soviet Republic
260 _aPrinceton, USA:
_bPrinceton University Press,
_c1965.
300 _a374p.
650 _2Germany-History
650 _2War
650 _2History
942 _hV55.N1 K5
_cTB
_2CC
999 _c236242
_d236242